000 00452nam a2200193Ia 4500
008 240510s9999 xx 000 0 und d
020 _a9781902505879
041 _aEng
082 _a005.8
082 _bU52
100 _aUMEH, Jude
245 4 _aThe World Beyond Digital Rights Management
260 _bNew Delhi :British Computer Society
260 _c2009
300 _a283 p.
650 _aData Security
942 _2ddc
942 _cRBK
999 _c28489
_d28489
945 _a1
_bMadushi Gamage
_c1
_dMadushi Gamage